|
|
|
|
| LEADER |
00000cam a2200000 7i4500 |
| 001 |
0000003519 |
| 002 |
000003789 |
| 005 |
20000330.0 |
| 020 |
|
|
|a 9679987841
|
| 090 |
0 |
0 |
|a F
|b ABD
|
| 100 |
0 |
|
|a Abdul Talib Hassan
|
| 245 |
1 |
0 |
|a Primadona
|c Abdul Talib Hassan
|
| 260 |
|
|
|a Kuala Lumpur :
|b Creative Enterprise ,
|c 1993
|
| 300 |
|
|
|a 206p. ;
|c 18cm.
|
| 650 |
0 |
0 |
|a Malay fiction
|
| 999 |
|
|
|a 031926
|b BUKU
|c FICTION
|e PERPUSTAKAAN KOMUNITI PETALING JAYA
|
| 999 |
|
|
|a 031927
|b BUKU
|c PINJAMAN
|e PERPUSTAKAAN KOMUNITI PETALING JAYA
|
| 999 |
|
|
|a 031928
|b BUKU
|c FICTION
|e PERPUSTAKAAN KOMUNITI PETALING JAYA
|
| 999 |
|
|
|a 044802
|b BUKU
|c FICTION
|e PERPUSTAKAAN KOMUNITI CAW KOTA DAMANSARA
|